000 00493nam a2200169 i 4500
001 129550
003 ES-MaACL
005 20230906193526.0
007 t|
008 070626s1933 fr ||||1| fre d
080 _a016:84 "1800:1930"
100 1 _aThieme, Hug Paul.
_9109944
245 1 0 _aBibliographie de la litterature francaise de 1800 a 1930 /
_cpar Paul Hug Thieme.
260 _aParĂ­s :
_b[s.n.],
_c1933 (
_fBeaucamps)
300 _a2 v. ;
_c26 cm.
852 _aES-MaACL
_jA-3372-73
999 _c129550
_d129550